000 00276nam a2200121Ia 4500
005 20260328104259.0
008 260328s9999||||xx |||||||||||||| ||und||
100 _aVestre
245 0 _aCity Scenes /
_cVestre
260 _bVestre
650 _aDISEÑO INDUSTRIAL
942 _cBK
999 _c10551
_d10551